000 00315pab a2200145 454500
008 180718b1984 xxu||||| |||| 00| 0 eng d
100 _aChatterjee, Partha
245 _aThe peasantry
260 _c1984
300 _a26-9
362 _aMar.
650 _aPeasant Uprisings
773 _aSeminar
909 _a14744
999 _c14744
_d14744